Entry Nombre corporativo
001 - NÚMERO DE CONTROL
- campo de control: 22217
003 - IDENTIFICADOR DEL NÚMERO DE CONTROL
- campo de control: BNPHU
005 - FECHA Y HORA DE LA ÚLTIMA TRANSACCIÓN
- campo de control: 20241030120344.0
008 - DATOS DE LONGITUD FIJA
- campo de control de longitud fija: 200615|| aca||aabn | a|a d
040 ## - FUENTE DE LA CATALOGACIÓN
- Centro catalogador/agencia de origen: DO-SdBNP
- Lengua de catalogación: spa
- Centro/agencia transcriptor: BNPHU
- Normas de descripción: rda
110 1# - ENCABEZAMIENTO-NOMBRE DE ENTIDAD CORPORATIVA
- Nombre de entidad corporativa o nombre de jurisdicción como elemento de entrada: Japan International Cooperation Agency
410 2# - TRAZADO DE VÉASE--NOMBRE DE ENTIDAD CORPORATIVA
- Nombre de entidad corporativa o nombre de jurisdicción como elemento de entrada: JICA
410 2# - TRAZADO DE VÉASE--NOMBRE DE ENTIDAD CORPORATIVA
- Nombre de entidad corporativa o nombre de jurisdicción como elemento de entrada: J.I.C.A.
410 2# - TRAZADO DE VÉASE--NOMBRE DE ENTIDAD CORPORATIVA
- Nombre de entidad corporativa o nombre de jurisdicción como elemento de entrada: Agencia de Cooperación Internacional del Japón
410 2# - TRAZADO DE VÉASE--NOMBRE DE ENTIDAD CORPORATIVA
- Nombre de entidad corporativa o nombre de jurisdicción como elemento de entrada: International Cooperation Agency (Japan)
670 ## - FUENTE DE DATOS ENCONTRADOS
- Cita de la fuente: Work cat.: (OSt)7960: Técnicas y conocimientos de la pesca introducidas en la República Dominicana :, 1996.
670 ## - FUENTE DE DATOS ENCONTRADOS
- Cita de la fuente: Sitio web oficial de Japan International Cooperation Agency, 27 noviembre 2009:
- Información encontrada: (Japan International Cooperation Agency; JICA)
- Identificador Uniforme del Recurso: http://www.jica.go.jp/english/about/
670 ## - FUENTE DE DATOS ENCONTRADOS
- Identificador Uniforme del Recurso: https://librunam.dgb.unam.mx:8443/F/FNXEMHLA7AXCJHICAK52FMAP5HJHMPN383VJ1C7EQ7J85SPMPK-30352?func=full-set-set&set_number=003576&set_entry=000001&format=001 Consultado en 30 de octubre, 2024
678 ## - DATOS BIOGRÁFICOS O HISTÓRICOS
- Datos biográficos o históricos: Establecida en 1974
